000 00696nam a2200205Ii 4500
003 JO-AjNU
008 230605s9999||||xx |||||||||||||| ||und||
040 _aJO-AjNU
_bara
_erda
_cJO-AjNU
041 _aara
050 1 4 _aHV1568 .S353 2007
100 3 _aالصفدي، عصام حمدي,
_eauthor
_931144
245 0 0 _aالاعاقة الحركية والشلل الدماغي
250 _aط العربية
264 3 1 _aعمان: دار اليازوري العلمية للنشر والتوزيع، 2007
300 _a221ص
336 _atext
_btxt
_2rdacontent
337 _aunmediated
_bn
_2rdamedia
338 _avolume
_bnc
_2rdacarrier
650 4 _aالمعوقون جسديا
_931145
999 _aA12425
_c15993
_d15993